000 00730nam a2200229 a 4500
001 000225736
003 AM-YeHGA
005 20250618071536.0
008 030516s1941 ai |||||r|||||000|1|arm|d
040 _aAM-YeHGA
041 0 _aarm
100 1 _aԳորոբովա, Ա.
245 1 0 _aՎիկտուար :
_b[Պատմվածք] /
_cԱ. Գորոբովա.
260 _aԵրևան :
_bՀայպետհրատ,
_c1941.
300 _a8 էջ ;
_c17 սմ.
440 0 _aՀայրենական պատերազմի օրերին
650 1 4 _aՀայրենական Մեծ պատերազմ
_9887
650 1 4 _aՌուս գրականություն
700 1 _aԵղիազարյան, Բ.
_eթարգմ.
_4trl
942 _2udc
_cBK
090 _c80650
999 _c79383
_d79383